[Event "GRE-ch"]
[Site "Liosia"]
[Date "1991.??.??"]
[Round "?"]
[White "Pandavos, Emanouel"]
[Black "Nikolaidis, Konstantinos"]
[Result "1/2-1/2"]
[WhiteElo "2355"]
[BlackElo "2245"]
[PlyCount "83"]
[EventDate "1991.??.??"]
[EventType "tourn"]
[EventRounds "14"]
[EventCountry "GRE"]
[EventCategory "3"]
[SourceTitle "EXT 2003"]
[Source "ChessBase"]
[SourceDate "2002.11.25"]
[SourceVersion "1"]
[SourceVersionDate "2002.11.25"]
[SourceQuality "1"]

1. e4 e5 2. Nf3 Nc6 3. d4 exd4 4. Nxd4 Bc5 5. Nxc6 Qf6 6. Qd2 Qxc6 7. Bd3 Ne7 8. 0-0 0-0 9. b4 Bd4 10. c3 Bf6 11. f4 g6 12. b5 Qb6+ 13. Kh1 d5 14. e5 Bg7 15. a4 f6 16. Ba3 Re8 17. exf6 Qxf6 18. Bc5 Nf5 19. Bxf5 Qxf5 20. Na3 Qf7 21. Nc2 Bf5 22. Ne3 Be4 23. Bd4 a6 24. Bxg7 Qxg7 25. f5 Rf8 26. fxg6 hxg6 27. Rxf8+ Rxf8 28. Rd1 axb5 29. axb5 c6 30. bxc6 bxc6 31. Kg1 Qa7 32. Qd4 Qa2 33. Qd2 Qxd2 34. Rxd2 Kf7 35. Rf2+ Ke7 36. Rxf8 Kxf8 37. h4 Ke7 38. Kf2 Kd6 39. g4 Ke5 40. h5 gxh5 41. gxh5 Kf4 42. h6 1/2-1/2

[Event "Athens"]
[Site "Athens"]
[Date "1991.??.??"]
[Round "7"]
[White "Pandavos, Emanouel"]
[Black "Skembris, Spyridon"]
[Result "1/2-1/2"]
[WhiteElo "2355"]
[BlackElo "2455"]
[PlyCount "137"]
[EventDate "1991.06.??"]
[EventType "tourn"]
[EventRounds "9"]
[EventCountry "GRE"]
[EventCategory "7"]
[SourceTitle "CBM 023 Extra"]
[Source "ChessBase"]
[SourceDate "1991.09.01"]
[SourceVersion "1"]
[SourceVersionDate "1991.09.01"]
[SourceQuality "1"]

1. e4 c5 2. c3 Nf6 3. e5 Nd5 4. d4 cxd4 5. Nf3 e6 6. cxd4 b6 7. a3 Be7 8. Bd3 Ba6 9. 0-0 0-0 10. Nc3 Nxc3 11. bxc3 Bxd3 12. Qxd3 d5 13. exd6 Qxd6 14. Rd1 Nc6 15. a4 Rfd8 16. Ba3 Qc7 17. Bxe7 Nxe7 18. c4 Rac8 19. Rac1 h6 20. h3 Rd6 21. Qa3 Ng6 22. a5 Rc6 23. axb6 axb6 24. Qb3 Rxc4 25. Rxc4 Qxc4 26. Qxb6 Qd5 27. Ra1 Nf4 28. Kh2 Qe4 29. Qa6 Rd8 30. Qb6 Rf8 31. Qd6 Nd3 32. Kg1 Ra8 33. Rf1 Kh7 34. Qd7 f6 35. Nd2 Qe2 36. Qc6 Ra2 37. Qe4+ Qxe4 38. Nxe4 Ra4 39. Rd1 Rxd4 40. f3 Nf4 41. Ra1 f5 42. Nf2 Rd2 43. g3 Ne2+ 44. Kg2 Kg6 45. f4 Rc2 46. Re1 Kf6 47. Kf3 Nd4+ 48. Ke3 Nb3 49. Nd3 Rg2 50. Kf3 Rh2 51. Rd1 Nd2+ 52. Ke3 Ne4 53. Ne5 Rxh3 54. Rd7 Rxg3+ 55. Kd4 Nd6 56. Rxd6 g5 57. fxg5+ hxg5 58. Rd7 g4 59. Rf7+ Kg5 60. Re7 Kf6 61. Rf7+ Kg5 62. Re7 Rg1 63. Rxe6 Rd1+ 64. Ke3 f4+ 65. Ke2 Ra1 66. Nf3+ gxf3+ 67. Kxf3 Ra3+ 68. Kf2 Kg4 69. Rg6+ 1/2-1/2